At a meeting of the inhabitants of this parish : assembled in the church, on Thursday, December 12, 1816, and convened by the church-wardens ... "to take into consideration the propriety of entering into an immediate subscription for the alleviation of the distresses of the poor resident therein" /

Bibliographic Details
Corporate Author: St. Luke's Church (Finsbury, London, England)
Format: eBook
Language:English
Published: [England?] : [publisher not identified], [1816]
Series:Making of the modern world (Goldsmiths'-Kress Library of Economic Literature)
Subjects:
Online Access:Connect to the full text of this electronic book

MARC

Tag First Indicator Second Indicator Subfields
LEADER 00000cam a2200000Ia 4500
001 in00002262575
005 20190326185408.0
006 m | d |
007 cr |n||||||||n
008 871106s1816 enk s 000 0 eng d
040 |a TXA  |c GKR  |d OCL  |d Thomson Gale  |d UtOrBLW 
043 |a e-uk-en 
110 2 |a St. Luke's Church (Finsbury, London, England) 
245 1 0 |a At a meeting of the inhabitants of this parish :  |b assembled in the church, on Thursday, December 12, 1816, and convened by the church-wardens ... "to take into consideration the propriety of entering into an immediate subscription for the alleviation of the distresses of the poor resident therein" /  |c Sir Charles Flower, bart, in the chair. 
264 1 |a [England?] :  |b [publisher not identified],  |c [1816] 
264 3 |a London :  |b J. Haddon 
300 |a 3 unnumbered pages 
336 |a text  |b txt  |2 rdacontent 
337 |a computer  |b c  |2 rdamedia 
338 |a online resource  |b cr  |2 rdacarrier 
500 |a Caption title. 
500 |a Another edition, lacking additional title, is filmed as item number 21627. 
500 |a Reproduction of original from Goldsmiths' Library, University of London. 
500 |a Goldsmiths'-Kress number 21628. 
501 |a With: An address on behalf of tahe distressed poor in the northern parts of the metropolis, and especially of the watch and clock manufacturers within the Parish of St. Luke, Middlesex. 
510 4 |a OCLC,  |c 16945149 
533 |a Electronic reproduction.  |b Farmington Hills, Mich. :  |c Thomson Gale,  |d 2005.  |f (The making of the modern world).  |n Available via the World Wide Web.  |n Access limited to licensing agreements.  |7 s2005 miunns 
500 |a Electronic resource. 
650 0 |a Poor  |z England  |z London. 
655 0 |a Electronic books. 
740 0 |a Address on behalf of the distressed poor in the northern parts of the metropolis. 
830 0 |a Making of the modern world (Goldsmiths'-Kress Library of Economic Literature) 
856 4 0 |u http://proxy.library.tamu.edu/login?url=http://galenet.galegroup.com/servlet/MOME?af=RN&ae=U108794049&srchtp=a&ste=14&locID=txshracd2898  |z Connect to the full text of this electronic book  |t 0 
999 |a MARS 
999 f f |s cdedb773-3441-3245-9367-d930e427efb0  |i 77df6c54-7140-32ed-a207-0074a9457561  |t 0 
952 f f |a Texas A&M University  |b College Station  |c Electronic Resources  |d Available Online  |t 0  |h No information provided 
998 f f |t 0  |l Available Online